000 00589nam a2200217Ii 4500
001 17515
003 CO-ViMGA
008 241108s9999||||xx |||||||||||||| ||und||
020 _a8426135374
040 _aCO-ViMGA
_bspa
_erda
_cCO-ViMGA
041 0 _aspa
084 _aC DOY4
100 1 _aMalachy. Doyle
_949933
245 1 0 _aEl baile del tigre
264 1 _aMadrid, EspaƱa : Juventud, 2006
300 _avolumen
336 _atext
_btxt
_2rdacontent
337 _aunmediated
_bn
_2rdamedia
338 _avolume
_bnc
_2rdacarrier
940 _aidficha_siabuc: 17179. -- ficha_no_siabuc:17515
999 _c44610
_d44610